| 000 | 01265pam a2200421 i 4500 | ||
|---|---|---|---|
| 001 | vtls000766034 | ||
| 003 | PNM | ||
| 005 | 20200714153144.0 | ||
| 008 | 150317s2015 my e 000 j may | ||
| 015 | _aM15-06361 | ||
| 020 |
_a9789670869377 _qpaperback _cRM25.00 |
||
| 039 | 9 |
_a201510081450 _bazilah _c201509081636 _daidayas _c201508181613 _dmarsila _c201507301218 _daznah |
|
| 040 |
_aBNM _beng _cBNM _dPNM _dPPAK _erda |
||
| 049 | _aklpmal | ||
| 082 | 0 | 4 |
_a899.233010803 _223 |
| 090 | 0 | 0 |
_a899.233010803 _bABA _dG |
| 100 | 0 |
_aAbang Median Abang Said, _d1972- _eauthor. |
|
| 245 | 1 | 0 |
_aKUMPULAN CERPEN DAN ANEKDOT : _bCacing di Dahi / _cABANG MEDIAN ABANG SAID |
| 264 | 1 |
_aKuala Lumpur : _bInstitut Terjemahan & Buku Malaysia, _c2015 |
|
| 300 |
_avi, 157 pages ; _c19 cm |
||
| 336 |
_atext _2rdacontent |
||
| 337 |
_aunmediated _2rdamedia |
||
| 338 |
_avolume _2rdacarrier |
||
| 650 | 1 | 0 | _aShort stories, Malay |
| 942 |
_2ddc _cB |
||
| 949 | _61001316223 | ||
| 949 | _61001316224 | ||
| 949 | _61001316225 | ||
| 949 | _61001316226 | ||
| 949 | _61001316227 | ||
| 949 | _61001316228 | ||
| 949 | _61001316229 | ||
| 949 | _61001316230 | ||
| 949 | _61001316231 | ||
| 949 | _61001316232 | ||
| 949 |
_62000075362 _aAMA M |
||
| 949 |
_62000075361 _aAMA M |
||
| 999 |
_c178199 _d178199 |
||